Normal view MARC view

Entry Personal Name

Number of records used in: 1

001 - CONTROL NUMBER

  • control field: 860526

003 - CONTROL NUMBER IDENTIFIER

  • control field: OSt

005 - DATE AND TIME OF LATEST TRANSACTION

  • control field: 20251231102920.0

008 - FIXED-LENGTH DATA ELEMENTS

  • fixed length control field: 251231|| aca||aabn | a|a d

040 ## - CATALOGING SOURCE

  • Original cataloging agency: OSt
  • Transcribing agency: OSt

100 ## - HEADING--PERSONAL NAME

  • Personal name: सत्यनारायण, विश्वनाथ

670 ## - SOURCE DATA FOUND

  • Source citation: Work cat.: (OSt)1466643: सत्यनारायण, विश्वनाथ , सहस्त्रफण , 2010
Copyright @ Delhi University Library System